000 00631nam a2200205Ia 4500
003 GCL
008 140319s9999 xx 000 0 ara d
040 _aGCL /
_cGCL
082 0 4 _aق
_b962.52
_bس د
100 1 _aسامى ابوالنور
245 1 0 _aدور القصر فى الحياة السياسية فى مصر 1922 - 1936 /
_cسامى ابوالنور
260 _a[S.N] :
_bالهيئة المصرية العامة للكتاب ،
_c1985
300 _a259 ص
490 _a
650 0 4 _aالعصر الحديث
650 0 4 _aمصر
650 0 4 _aتاريخ
650 0 4 _aالملك فؤاد
942 _2ddc
_cBK
999 _c58198
_d58198